| 000 | 00794cam a22002772 4500 | ||
|---|---|---|---|
| 001 | 6239 | ||
| 003 | BD-RjUL | ||
| 005 | 20211208234218.0 | ||
| 008 | 14 t1963 nyua b 001 0 eng | ||
| 035 | _a(BD-RjUL)6279 | ||
| 040 |
_aDLC _cDLC _dOCL _dEQO _dBD-RjUL _beng |
||
| 041 | _aeng | ||
| 082 | 0 | 0 |
_a510 _216 _bJOE 1963 |
| 100 | 1 |
_aJones, Burton Wadsworth, _d1902- _919621 |
|
| 245 | 1 | 0 |
_aElementary concepts of mathematics / _c[by] Burton W. Jones. |
| 250 | _a2nd ed. | ||
| 260 |
_a New York : _bMacmillan, _c1963 |
||
| 300 |
_axvii, 350 p. : _billus. ; _c24 cm. |
||
| 504 | _aIncludes Bibliographical reference and index. | ||
| 650 | 0 |
_aAlgebra. _919622 |
|
| 650 | 0 |
_aGeometry. _919623 |
|
| 650 | 0 |
_aTopology. _919449 |
|
| 942 |
_2ddc _cBK |
||
| 999 |
_c6239 _d6239 |
||